| 000 | 00475nam a2200193Ia 4500 | ||
|---|---|---|---|
| 003 | 0100 | ||
| 008 | 130303s9999 xx 000 0 und d | ||
| 040 | _cARRUPELIB | ||
| 050 | _aLB775.R383361962 | ||
| 100 | _aReid, Louis Arnaud | ||
| 245 | _aPhilosophy and Education | ||
| 245 | _bAn Introduction | ||
| 260 | _aLondon | ||
| 260 | _bHeinemann Educational Books LTD | ||
| 260 | _C1962 | ||
| 300 | _a203p | ||
| 650 | _bSociology , Christians -- Catholics | ||
| 942 | 0 | 0 | _05 |
| 999 |
_c44511 _d44511 |
||